| 000 | 00614nam a22001937a 4500 | ||
|---|---|---|---|
| 003 | OSt | ||
| 005 | 20260126033721.0 | ||
| 008 | 260126b |||||||| |||| 00| 0 eng d | ||
| 020 | _a0-973-2903-4-X. | ||
| 040 |
_aDWC-Main lib. _cOC |
||
| 082 | _aSC. 890.4 B946 2007 | ||
| 100 | _aCalleja, G.B. | ||
| 245 |
_aBurak nguna bago bunga : _bikaapat na tipon nin mga luwas kan burak : an dahon panrawit-dawit/ _cG.B. Calleja |
||
| 260 |
_aLegazpi : _bBalay Ibalon, _cc2007. |
||
| 300 |
_ano paging ; _c28 cm. |
||
| 504 | _aIncludes index. | ||
| 650 | _a1. Philippine literature (Bikol). | ||
| 942 |
_2ddc _cSC _hSC. _n0 |
||
| 999 |
_c7785 _d7785 |
||